000 01046nam a2200241 a 4500
001 53670
003 BD-RjUL
005 20211209080011.0
008 161022s1967 ii ||||| b||| 001 0 ben d
020 _c: Tk. 3.00
035 _a(BD-RjUL)53792
040 _aBD-RjUL
_bben
_cBD-RjUL
041 _aben
082 _223
_a891.44409
_bROP 1967
100 _aরায়, অলোক
_9118333
245 1 0 _aপ্রবন্ধকার বঙ্কিমচন্দ্র ও ঊনবিংশ শতাব্দীর বাঙালী সমাজ-মন
_cঅলোক রায়
260 _aকলিকাতা :
_bঅশোক প্রিণ্টিং.,
_c১৯৬৭
300 _a[৮], ৬৪ পৃ. ;
_c২২ সেমি.
504 _aগ্রন্থপঞ্জি ও নির্দেশিকা সংযুক্ত
650 _aবাংলা প্রবন্ধ
_xইতিহাস ও সমালোচনা
_9120541
650 _aBengali Essays
_xHistory and Criticism
_9120542
942 _2ddc
_cBK
999 _c53670
_d53670